000 00427nam a2200145Ia 4500
003 GCL
008 140319s9999 xx 000 0 eng d
040 _aGCL /
_cGCL
082 0 4 _a784.1903
_bB O
100 1 _aBAINES, ANTHONY
245 1 0 _aThe Oxford Companion to Musical Instruments. /
_cBAINES, ANTHONY
260 _a[S.N] :
_bOXFORD UNIVERSITY PRESS ،
_c1992
650 0 4 _aMUSIC - INSTRUMENTS, DICTIONARY
942 _2ddc
_cBK
999 _c17327
_d17327